Statistics for NBA Most Improved Player Award Winners

Click here to take the quiz!

General Stats

  • This quiz has been taken 6 times
  • The average score is 9 of 38

Answer Stats

YearPlayer% Correct
2021Julius Randle
100%
2023Lauri Markkanen
100%
2022Ja Morant
83%
2020Brandon Ingram
67%
2017Giannis Antetokounmpo
67%
2015Jimmy Butler
67%
2019Pascal Siakam
67%
2018Victor Oladipo
67%
2014Goran Dragic
50%
2013Paul George
50%
2016CJ McCollum
33%
2010Aaron Brooks
17%
1986Alvin Robertson
17%
2005Bobby Simmons
17%
1987Dale Ellis
17%
2009Danny Granger
17%
2000Jalen Rose
17%
1989Kevin Johnson
17%
2011Kevin Love
17%
2007Monta Ellis
17%
2001Tracy McGrady
17%
1998Alan Henderson
0%
2006Boris Diaw
0%
1995Dana Barros
0%
1999Darrel Armstrong
0%
1994Don Maclean
0%
1996Gheorghe Muresan
0%
2003Gilbert Arenas
0%
2008Hedo Turkoglu
0%
1997Isaac Austin
0%
2002Jermaine O'Neal
0%
1988Kevin Duckworth
0%
1993Mahmoud Abdul-Rauf
0%
1992Pervis Ellison
0%
1990Rony Seikaly
0%
2012Ryan Anderson
0%
1991Scott Skiles
0%
2004Zach Randolph
0%

Score Distribution

Percentile by Number Answered

Percent of People with Each Score

Your Score History

You have not taken this quiz